000 00198 a2200109 4500
020 _a9780971281677
041 _aeng
100 _aCarole Olson
245 _aRock A.Bye
942 _cBK
952 _71
999 _c23086
_d23086